000 00932nam0a22002651 4500
001 rc\3814338
005 20250530061745.0
021 _aRU
_b[76-73185]
035 _a(NLR Aleph) 007266402
090 _a5362494
_c5362494
100 _a20120329d1976 |||y0rusy50 ca
101 0 _arus
102 _aRU
105 _aa z |||||
200 1 _aПроблемы здравоохранения развивающихся стран
_e(По материалам Афр. континента)
_fО.П. Щепин
210 _aМосква
_cМедицина
_d1976
215 _a367 с.
_cил.
_d20
320 _aСписок лит.: с. 352-365
606 _aЗдравоохранение
_yРазвивающиеся страны Африки
_2psbo
700 1 _aЩепин
_bО.П.
_gОлег Прокопьевич
801 0 _aRU
_bNLR
_gpsbo
801 1 _aRU
_bELAR
_2rusmarc
852 _aNLR
_j77-3/1901
942 _cBOOK
980 _aNB